[Event "CAT-chT Honor Division 2019"]
[Site "Catalonia"]
[Date "2019.03.16"]
[Round "8"]
[White "Bofill Mas, Alejandro"]
[Black "Villar Reymundo, Juan Antonio"]
[Result "1/2-1/2"]
[WhiteElo "2324"]
[BlackElo "2214"]
[Annotator "NA"]
[PlyCount "100"]
[EventDate "2019.01.16"]
[EventType "team-tourn"]
[EventCountry "ESP"]
[SourceTitle "playchess.com"]
[Source "ChessBase"]
[SourceQuality "1"]
[TimeControl "5400+30"]

1. c4 {[%emt 0:00:00]} e5 {[%emt 0:00:00]} 2. g3 {[%emt 0:00:11]} c6 {[%emt 0:00:22]} 3. d4 {[%emt 0:00:32]} e4 {[%emt 0:00:25]} 4. Nc3 {[%emt 0:01:15]} d5 {[%emt 0:00:08]} (4... Bb4 5. Qb3 a5 6. Bf4 d5 7. e3 Nf6 8. a3 Bxc3+ 9. Qxc3 O-O 10. Ne2 h6 11. c5 {0-1 (27) Naiditsch,A (2734)-Anton Guijarro,D (2642) Caleta 2019}) 5. Bg2 {[%emt 0:04:54]} Bb4 {[%emt 0:02:13]} 6. Qb3 {[%emt 0:05:00] A20: English Opening: 1...e5} a5 {[%emt 0:00:23]} 7. cxd5 {[%emt 0:06:28]} cxd5 {[%emt 0:01:53]} 8. a3 {[%emt 0:09:39]} Bxc3+ {[%emt 0:01:17]} 9. bxc3 {[%emt 0:00:45]} a4 {[%emt 0:00:48]} 10. Qc2 $146 {[%emt 0:03:55]} ({Predecessor:} 10. Qb2 Nf6 11. Nh3 {0-1 (52) Shaw,S (2398)-De Bari,V (2412) ICCF email 2010}) 10... Nc6 {[%emt 0:01:33]} 11. f3 {[%emt 0:01:24]} f5 {[%emt 0:06:22]} 12. Nh3 {[%emt 0:03:00]} Nf6 {[%emt 0:00:51]} 13. O-O {[%emt 0:02:46]} O-O {[%emt 0:00:22]} 14. Bg5 {[%emt 0:06:33]} exf3 {[%emt 0:44:06]} 15. Bxf3 {[%emt 0:07:39]} Be6 {[%emt 0:06:41]} 16. Nf4 {[%emt 0:09:30]} Qd7 {[%emt 0:01:22]} 17. Bxf6 {[%emt 0:03:19]} Rxf6 {[%emt 0:00:07]} 18. Nd3 {[%emt 0:04:07]} (18. Nxe6 $16 Qxe6 19. Rab1) 18... Bf7 {[%emt 0:11:57]} 19. Bg2 {[%emt 0:13:42]} Qc8 {[%emt 0:17:30]} 20. Rac1 {[%emt 0:03:03]} Na5 {[%emt 0:00:33]} 21. Ne5 {[%emt 0:02:02]} Be6 {[%emt 0:00:24]} ({Black should play} 21... Nb3 $14) 22. Qxa4 {[%emt 0:02:58]} Nc4 {[%emt 0:00:20]} 23. Qb4 {[%emt 0:01:32]} Nxa3 {[%emt 0:01:16]} 24. c4 {[%emt 0:01:31]} (24. Qb3 $16 Nc4 25. Nxc4 Qxc4 26. Qxc4 (26. Qxb7 Rc8 $16) 26... dxc4 27. Ra1 (27. Bxb7 Ra2 $16)) 24... Nxc4 {[%emt 0:00:18]} 25. Nxc4 {[%emt 0:01:32]} dxc4 {[%emt 0:00:04]} 26. d5 {[%emt 0:00:43]} Bf7 {[%emt 0:01:07]} 27. Rxc4 {[%emt 0:00:31]} Qd7 {[%emt 0:00:25]} 28. Rfc1 {[%emt 0:00:34]} Re8 {[%emt 0:00:27]} 29. Rc7 {[%emt 0:00:42]} Qd6 {[%emt 0:00:23]} 30. Qxd6 {[%emt 0:02:17]} Rxd6 {[%emt 0:00:02]} 31. Rxb7 {[%emt 0:00:19]} Bxd5 {[%emt 0:00:27]} 32. Bxd5+ {[%emt 0:00:22]} Rxd5 {[%emt 0:00:02]} 33. Rcc7 {[%emt 0:00:17]} g6 {[%emt 0:01:35]} 34. Rg7+ {[%emt 0:00:41]} Kh8 {[%emt 0:00:05]} 35. Rxh7+ {[%emt 0:00:29]} Kg8 {[%emt 0:00:02]} 36. Rbg7+ {[%emt 0:00:42]} Kf8 {[%emt 0:00:01]} 37. Rf7+ {[%emt 0:01:58]} Kg8 {[%emt 0:00:00]} 38. Rhg7+ {[%emt 0:00:37]} Kh8 {[%emt 0:00:01]} 39. Kf2 {[%emt 0:00:13]} Rde5 {[%emt 0:01:16]} 40. Rh7+ {[%emt 0:01:10]} Kg8 {[%emt 0:00:00]} 41. Rfg7+ {[%emt 0:00:48]} Kf8 {[%emt 0:00:01]} 42. Rxg6 {[%emt 0:00:13]} Rxe2+ {[%emt 0:00:10]} 43. Kf3 {[%emt 0:00:05]} R8e4 {[%emt 0:02:26]} 44. Rg5 {[%emt 0:01:17]} R2e3+ {[%emt 0:00:16]} 45. Kg2 {[%emt 0:00:18]} Re2+ {[%emt 0:01:06]} 46. Kf3 {[%emt 0:00:42]} R2e3+ {[%emt 0:00:02]} 47. Kf2 {[%emt 0:00:07]} Re2+ {[%emt 0:00:03]} 48. Kf1 {[%emt 0:00:03]} Re1+ {[%emt 0:00:15]} 49. Kg2 {[%emt 0:00:22]} R1e2+ {[%emt 0:00:05]} 50. Kf3 $11 {[%emt 0:00:39]} R2e3+ 1/2-1/2

[Event "CAT-chT Honor Division 2019"]
[Site "Catalonia"]
[Date "2019.03.16"]
[Round "8"]
[White "Hernandez, Cristian Andres"]
[Black "Plasencia Martinez, Victor"]
[Result "1-0"]
[WhiteElo "2320"]
[BlackElo "2177"]
[Annotator "ChessBase"]
[PlyCount "117"]
[EventDate "2019.01.16"]
[EventType "team-tourn"]
[EventCountry "ESP"]
[SourceTitle "playchess.com"]
[Source "ChessBase"]
[SourceQuality "1"]
[TimeControl "5400+30"]

1. d4 Nf6 2. c4 c5 3. d5 e5 4. Nc3 d6 5. e4 Be7 6. Nf3 Nbd7 7. Be2 Nf8 8. h4 h5 9. Ng5 Ng6 10. g3 Bd7 11. Bd2 a6 12. a3 Rb8 13. a4 b6 14. Rb1 a5 15. b3 Qc8 16. Nb5 Rb7 17. Na3 Nf8 18. Nc2 N8h7 19. Nxh7 Rxh7 20. Bd3 g6 21. Bc3 Ng4 22. f3 Nh6 23. f4 exf4 24. gxf4 Qd8 25. Kd2 Bxh4 26. Ne3 Ng4 27. Nxg4 Bxg4 28. Qg1 f5 29. e5 Kf8 30. Kc2 Rhf7 31. Rf1 Rh7 32. Qh2 Be7 33. Rhg1 Kg8 34. Re1 Rd7 35. Re3 Bh4 36. Rh1 Be7 37. Rg3 Bf8 38. Kb1 Rdf7 39. Re1 Be7 40. Rgg1 Bh4 41. Re3 Rd7 42. Ba1 Be7 43. Rge1 Bh4 44. Rg1 Be7 45. Bc3 Bh4 46. Ka2 Be7 47. Be1 Ra7 48. Qc2 Kf8 49. Bc3 Rf7 50. exd6 Bxd6 51. Re6 Bxf4 52. Rxg6 Be3 53. Re1 f4 54. Rh6 Ke7 55. Qh2 Ke8 56. Rh8+ Rf8 57. Qxf4 Rxh8 58. Rxe3+ Re7 59. Bxh8 1-0

[Event "CAT-chT Honor Division 2019"]
[Site "Catalonia"]
[Date "2019.03.16"]
[Round "8"]
[White "Oms Fuentes, Lluis"]
[Black "Stella, Andrea"]
[Result "0-1"]
[WhiteElo "2302"]
[BlackElo "2512"]
[Annotator "TA"]
[PlyCount "91"]
[EventDate "2019.01.16"]
[EventType "team-tourn"]
[EventCountry "ESP"]
[SourceTitle "playchess.com"]
[Source "ChessBase"]
[SourceQuality "1"]

{[%evp 14,91,39,32,55,40,45,0,0,-52,-58,-107,-98,-98,-84,-62,-80,-73,-47,-51,-44,-27,-35,-98,-101,-94,-56,-72,-68,-69,-60,-66,-30,-29,-35,-54,-58,-47,-32,-166,-155,-177,-180,-223,-223,-244,-259,-382,-383,-356,-320,-487,-474,-489,-460,-1855,-1847,-29964,-29944,-29969,-29970,-12833,-754,-29972,-1105,-984,-974,-29965,-29964,-29967,-29968,-29968,-29971,-29968,-29969,-29964,-12045,-6123,-5895,-29981]} 1. e4 c5 2. Nc3 e6 3. g3 d5 4. Bg2 dxe4 5. Nxe4 Nc6 6. d3 Nf6 7. Nxf6+ Qxf6 8. Nf3 Be7 {B23: Closed Sicilian: Lines without g3} 9. O-O O-O 10. Ng5 $146 ({Predecessor:} 10. Rb1 e5 11. a3 Bf5 12. Re1 Rfe8 13. Bd2 Qd6 {½-½ (49) Bastian,H (2294)-Schulz,K (2343) Germany 2017}) 10... e5 {The position is equal.} 11. Kh1 (11. Re1 $11) 11... Qg6 $15 12. f4 exf4 13. gxf4 h6 14. Ne4 Bg4 15. Qd2 Rad8 16. Qf2 $1 {And now f5 would win.} Nd4 17. Be3 f5 {[#]} 18. Nxc5 $1 {[%mdl 512]} Bxc5 $17 19. c3 Qd6 {...Ne6 is the strong threat.} (19... Qf6 {with more complications.} 20. Rfe1 Bh5 21. a3 b6 22. cxd4 Bxd4 23. Rac1 Rfe8) 20. cxd4 Bxd4 21. Bxd4 Qxd4 22. Bxb7 Qxf2 23. Rxf2 Rxd3 24. Ba6 Re3 $36 {[%mdl 2048] Black is more active.} 25. Bf1 Rfe8 26. h4 (26. Rc1 $15) 26... Kf7 27. Rc1 Kg6 28. Rc7 {[#]} R8e7 $1 {[%cal Re7c7]} 29. Rxe7 Rxe7 $19 {[%mdl 4096] Endgame KRB-KRB} 30. b4 (30. h5+ $142 Kxh5 31. Rh2+ Kg6 32. Rc2) 30... Kh5 31. Kh2 Kxh4 32. Bg2 (32. a4 $142) 32... g5 33. a4 Re3 34. fxg5 (34. Bc6 $142 Bh3 35. Ra2) 34... hxg5 35. b5 f4 36. a5 f3 37. Bf1 Bh5 (37... Re2 $142 38. Kg1 {[#]} Kg3 $1 {[%mdl 512]} 39. Bxe2 fxe2 40. Rg2+ Kf3 41. Rxe2 Kxe2) 38. Kg1 Ra3 (38... Kg3 $142 39. Rh2 Bg4 40. b6 axb6 41. axb6 Rb3 42. Rd2 Bf5 43. b7 Rxb7 44. Ra2 Rb1 45. Rd2 Bh3 46. Rg2+ Kh4 47. Rf2 g4 48. Rxf3 gxf3 49. Kf2 Rxf1+ 50. Ke3 f2 51. Kf3 Bg4+ 52. Ke3 Rd1 53. Kxf2 Rd3 54. Kg2 Rd2+ 55. Kf1 Kg3 56. Kg1 Rd1#) 39. Rh2+ Kg4 40. a6 Bg6 41. Rh6 Bd3 42. Bxd3 Rxd3 43. Kf2 Rd2+ 44. Ke3 Re2+ 45. Kd3 Rb2 46. Kd4 {Accuracy: White = 29%, Black = 78%.} 0-1

[Event "CAT-chT Honor Division 2019"]
[Site "Catalonia"]
[Date "2019.03.16"]
[Round "8"]
[White "Obon Temprano, Sergi"]
[Black "Plachkinova, Tatjana"]
[Result "1-0"]
[WhiteElo "2273"]
[BlackElo "2059"]
[Annotator "NA"]
[PlyCount "72"]
[EventDate "2019.01.16"]
[EventType "team-tourn"]
[EventCountry "ESP"]
[SourceTitle "playchess.com"]
[Source "ChessBase"]
[SourceQuality "1"]
[TimeControl "5400+30"]

1. d4 Nf6 2. Nc3 d5 3. Bf4 c6 4. Nf3 (4. e3 Bf5 5. Nf3 h6 6. Ne5 Nbd7 7. g4 Bh7 8. h4 Nxe5 9. dxe5 Ne4 10. Nxe4 Bxe4 11. f3 Bh7 12. e6 {1-0 (57) Bortnyk,O (2610)-Dreev,A (2653) Riadh 2017}) 4... e6 5. e3 Bd6 6. Bd3 {D00: 1 d4 d5: Unusual lines} O-O 7. O-O Re8 $146 ({Predecessor:} 7... Bxf4 8. exf4 c5 9. dxc5 Qa5 10. Ne5 Qxc5 11. Qf3 Nc6 12. Qh3 {1-0 (36) Franco Valencia,A (2270)-Rodriguez Rueda,P (2348) Palmira 2017}) 8. Ne5 Be7 9. Bg5 Nbd7 10. f4 c5 11. Kh1 h6 12. Bh4 Qb6 13. Na4 Qa5 14. c3 ({Better is} 14. Bxf6 $1 $16 Nxf6 15. Nxc5) 14... c4 15. b4 Qc7 16. Bc2 g6 (16... b6 $11) 17. Nc5 Nf8 (17... Nxe5 $1 $14 18. fxe5 Nh7) 18. Qf3 b6 19. Na4 Bd7 20. g4 Ne4 $1 21. Be1 f6 22. Nxd7 Qxd7 23. Nb2 f5 24. Bxe4 dxe4 (24... fxe4 $15 25. Qh3 Bd8) 25. Qh3 b5 26. gxf5 exf5 27. Qxh6 Qd8 28. Rg1 Bf6 29. Rxg6+ $1 Nxg6 30. Qxg6+ Bg7 31. Qxf5 a6 32. a4 Qf6 $18 33. Qg4 Kf8 34. Bh4 Qf7 35. Rg1 Rab8 36. Qg5 Qd7 1-0

[Event "CAT-chT Honor Division 2019"]
[Site "Catalonia"]
[Date "2019.03.16"]
[Round "8"]
[White "Montell Lorenzo, Joan Carlos"]
[Black "Alonso Moyano, Jonathan"]
[Result "0-1"]
[WhiteElo "2267"]
[BlackElo "2374"]
[Annotator "NA"]
[PlyCount "79"]
[EventDate "2019.01.16"]
[EventType "team-tourn"]
[EventCountry "ESP"]
[SourceTitle "playchess.com"]
[Source "ChessBase"]
[SourceQuality "1"]
[TimeControl "5400+30"]

1. e4 c5 2. Nf3 d6 3. c3 Nf6 4. Be2 Nbd7 5. d3 e5 (5... g6 6. O-O Bg7 7. Nbd2 O-O 8. d4 Qc7 9. Re1 b6 10. Bd3 e6 11. Nf1 Bb7 12. Ng3 Rac8 13. Bg5 h6 14. Bd2 e5 15. d5 c4 16. Bc2 b5 17. h4 h5 {½-½ (64) Iordachescu,V (2597)-Parligras,M (2645) Bucharest 2018}) 6. O-O {B50: Sicilian: 2...d6, Miscellaneous} Be7 7. Nbd2 O-O 8. Re1 b6 9. Nf1 Bb7 10. Ne3 $146 ({Predecessor:} 10. Ng3 d5 11. Bf1 d4 12. c4 Qc7 13. h3 Rae8 14. Nh2 Kh8 15. Be2 {½-½ (39) Willemze,T (2384)-Hort,V (2501) Hoogeveen 2006}) 10... g6 11. c4 Ne8 12. Nd5 Ng7 13. Bh6 f5 14. Nxe7+ Qxe7 15. Ng5 Rfe8 16. Bf3 f4 17. Bg4 Nf6 18. g3 Bc8 19. Bxc8 Raxc8 20. gxf4 Nfh5 21. fxe5 dxe5 22. Qg4 Nf6 23. Qh4 Ngh5 24. Nh3 Qd7 25. Bg5 Rc6 26. Rad1 Kg7 27. Be3 Rd6 28. f3 Rxd3 29. Nf2 Rxd1 30. Rxd1 Qa4 31. Rd6 Qxc4 32. Bg5 Rf8 33. Ng4 Nxg4 34. Rd7+ Rf7 35. Qxg4 Qxa2 36. Rd8 Qb1+ 37. Kg2 Qxb2+ 38. Kh3 $2 (38. Kg1 {might work better.}) 38... Qe2 39. Rd2 (39. Rd7 $19 Qc4 40. Kg2) 39... Qxf3+ $19 (39... Rxf3+ $142 40. Qg3 Qf1+ 41. Kh4 Nxg3 42. Rd7+ Kg8 43. Rd8+ Kf7 44. Rd7+ Ke6 45. Re7+ Kd6 46. Bf4 Rxf4+ {[%mdl 64] Double Attack} 47. Kg5 Qh3 48. Rd7+ Kxd7 49. hxg3 Qh5#) 40. Qxf3 0-1

[Event "CAT-chT Honor Division 2019"]
[Site "Catalonia"]
[Date "2019.03.16"]
[Round "8"]
[White "Cuadras Avellana, Jordi"]
[Black "Lorenzo De La Riva, Lazaro"]
[Result "0-1"]
[WhiteElo "2245"]
[BlackElo "2397"]
[Annotator "ChessBase"]
[PlyCount "119"]
[EventDate "2019.01.16"]
[EventType "team-tourn"]
[EventCountry "ESP"]
[SourceTitle "playchess.com"]
[Source "ChessBase"]
[SourceQuality "1"]
[TimeControl "5400+30"]

1. c4 {[%emt 0:00:00]} e5 {[%emt 0:01:40]} 2. Nc3 {[%emt 0:00:40]} Nc6 {[%emt 0:00:46]} 3. g3 Bc5 {[%emt 0:00:23]} 4. Bg2 {[%emt 0:00:44]} d6 {[%emt 0:00:45]} 5. e3 {[%emt 0:03:15]} Bf5 {[%emt 0:00:09]} 6. a3 {[%emt 0:00:55]} a5 {[%emt 0:09:25]} 7. Nge2 {[%emt 0:02:19]} Qd7 {[%emt 0:03:33]} 8. d4 {[%emt 0:02:12]} Ba7 {[%emt 0:01:52]} 9. d5 {[%emt 0:01:11]} Nce7 {[%emt 0:00:17]} 10. b4 {[%emt 0:04:24]} Nf6 {[%emt 0:04:57]} 11. Bb2 Bh3 {[%emt 0:00:05]} 12. Bxh3 {[%emt 0:09:01]} Qxh3 {[%emt 0:02:03]} 13. Ng1 {[%emt 0:00:09]} Qd7 {[%emt 0:01:04]} 14. Qf3 {[%emt 0:04:08]} O-O {[%emt 0:04:51]} 15. Nge2 {[%emt 0:02:56]} c6 16. O-O {[%emt 0:00:10]} cxd5 {[%emt 0:01:07]} 17. cxd5 {[%emt 0:13:06]} Rfc8 {[%emt 0:01:36]} 18. Rfd1 {[%emt 0:01:12]} Rc4 {[%emt 0:07:47]} 19. bxa5 {[%emt 0:00:59]} e4 {[%emt 0:00:14]} 20. Qg2 {[%emt 0:03:30]} Ng6 {[%emt 0:22:59]} 21. Nd4 {[%emt 0:03:52]} Re8 22. Ncb5 Bxd4 {[%emt 0:05:18]} 23. Nxd4 {[%emt 0:07:57]} Ne5 {[%emt 0:00:36]} 24. Rac1 Ra4 25. h3 {[%emt 0:08:16]} h5 {[%emt 0:15:25]} 26. Rc2 {[%emt 0:08:55]} Rxa5 {[%emt 0:06:49]} 27. Rdc1 {[%emt 0:01:27]} Rc5 {[%emt 0:03:20]} 28. Rxc5 {[%emt 0:02:00]} dxc5 {[%emt 0:00:01]} 29. Rxc5 {[%emt 0:02:22]} Nd3 {[%emt 0:00:05]} 30. Rb5 {[%emt 0:00:17]} Nxd5 {[%emt 0:01:42]} 31. Qf1 {[%emt 0:01:06]} Re5 {[%emt 0:00:32]} 32. a4 {[%emt 0:01:48]} Rg5 {[%emt 0:00:48]} 33. Ne2 {[%emt 0:02:26]} Nxe3 {[%emt 0:01:48]} 34. fxe3 {[%emt 0:01:00]} Rxb5 {[%emt 0:00:03]} 35. axb5 {[%emt 0:00:25]} Nxb2 {[%emt 0:00:07]} 36. Nd4 {[%emt 0:01:27]} g6 {[%emt 0:00:36]} 37. Kh2 {[%emt 0:01:55]} Nd3 {[%emt 0:01:34]} 38. Qf6 {[%emt 0:00:49]} Qd5 {[%emt 0:00:03]} 39. g4 {[%emt 0:02:13]} Qa2+ 40. Kg1 {[%emt 0:03:21]} Qd2 {[%emt 0:03:25]} 41. Nf5 {[%emt 0:01:57]} Qf2+ 42. Kh1 Qe1+ {[%emt 0:01:12]} 43. Kg2 {[%emt 0:00:35]} Qd2+ {[%emt 0:00:17]} 44. Kg1 {[%emt 0:00:24]} Qc1+ {[%emt 0:00:41]} 45. Kg2 {[%emt 0:00:21]} Qc2+ {[%emt 0:00:45]} 46. Kg1 {[%emt 0:00:14]} Qc1+ {[%emt 0:00:52]} 47. Kg2 {[%emt 0:00:26]} Qd2+ {[%emt 0:00:37]} 48. Kg1 {[%emt 0:00:12]} Qd1+ {[%emt 0:00:03]} 49. Kh2 {[%emt 0:00:14]} Qe2+ {[%emt 0:00:41]} 50. Kg1 {[%emt 0:00:04]} Qf2+ {[%emt 0:01:07]} 51. Kh1 {[%emt 0:00:02]} Qf3+ {[%emt 0:00:06]} 52. Kh2 {[%emt 0:00:20]} Qe2+ {[%emt 0:00:00]} 53. Kg1 {[%emt 0:00:04]} Qd1+ {[%emt 0:00:00]} 54. Kh2 {[%emt 0:00:07]} Qc2+ {[%emt 0:00:00]} 55. Kg1 {[%emt 0:00:11]} Qc1+ {[%emt 0:00:00]} 56. Kh2 {[%emt 0:00:09]} Qc7+ {[%emt 0:00:40]} 57. Nd6 {[%emt 0:00:32]} h4 {[%emt 0:02:11]} 58. Kg1 {[%emt 0:02:44]} Qc1+ {[%emt 0:00:15]} 59. Kh2 {[%emt 0:00:41]} Qd2+ {[%emt 0:00:08] Kg2} 60. Kh1 {[%emt 0:00:45]} 0-1

[Event "CAT-chT Honor Division 2019"]
[Site "Catalonia"]
[Date "2019.03.16"]
[Round "8"]
[White "Garcia-Castany Musellas, Gal.la"]
[Black "Boixader Arbo, Xavier"]
[Result "1/2-1/2"]
[WhiteElo "2175"]
[BlackElo "2150"]
[Annotator "NA"]
[PlyCount "42"]
[EventDate "2019.01.16"]
[EventType "team-tourn"]
[EventCountry "ESP"]
[SourceTitle "playchess.com"]
[Source "ChessBase"]
[SourceQuality "1"]
[TimeControl "5400+30"]

1. e4 {[%emt 0:03:18]} e6 {[%emt 0:00:00]} 2. d4 {[%emt 0:00:23]} d5 {[%emt 0:00:00]} 3. Nd2 {[%emt 0:00:31]} Nc6 {[%emt 0:00:03]} 4. Ngf3 {[%emt 0:02:44]} Nf6 {[%emt 0:00:51]} 5. e5 {[%emt 0:04:44]} Nd7 {[%emt 0:00:17]} 6. c3 {[%emt 0:00:49]} f6 {[%emt 0:00:12]} 7. Bd3 {[%emt 0:05:57] C04: French Tarrasch: 3...Nc6} (7. Bb5 Be7 8. exf6 Bxf6 9. O-O O-O 10. Re1 Re8 11. Nf1 e5 12. dxe5 Ndxe5 13. Bf4 Bg4 14. Bxe5 Rxe5 15. Ne3 Bh5 16. Be2 Bxf3 17. Bxf3 Ne7 18. Qb3 b6 19. Nxd5 Rxe1+ 20. Rxe1 {1-0 (20) Kevlishvili,R (2451)-Riazantsev,A (2649) St Petersburg 2018}) 7... fxe5 {[%emt 0:19:08]} 8. Nxe5 {[%emt 0:23:37]} Ncxe5 {[%emt 0:02:28]} 9. dxe5 {[%emt 0:00:09]} Qg5 $146 {[%emt 0:02:42]} ({Predecessor:} 9... Nxe5 10. Qh5+ Nf7 11. h4 g6 12. Qe2 Qe7 13. Nb3 e5 14. f3 c6 15. Be3 Bf5 {½-½ (15) Yatzenko,A (2348)-Sabaev,E (2262) Nabereznye Chelny 2010}) 10. O-O {[%emt 0:08:16]} Qxe5 {[%emt 0:02:45]} 11. Re1 {[%emt 0:00:48]} Qd6 {[%emt 0:00:12]} 12. Qh5+ {[%emt 0:01:19]} Kd8 {[%emt 0:00:41]} 13. Nf3 {[%emt 0:01:51]} Be7 {[%emt 0:22:07]} 14. Qf7 {[%emt 0:18:03]} e5 {[%emt 0:06:56]} 15. Bg5 {[%emt 0:07:14]} Re8 {[%emt 0:15:05]} 16. Qxg7 {[%emt 0:05:54]} ({Resist} 16. Bxh7 $6 c6 $16) 16... h6 $2 {[%emt 0:11:28]} (16... Bxg5 17. Nxg5 Qf6 18. Qxf6+ Nxf6) 17. Bxh6 {[%emt 0:03:16]} Bf6 {[%emt 0:00:09]} ({Much worse is} 17... e4 18. Ng5 $18) 18. Bg5 {[%emt 0:01:06]} e4 $2 {[%emt 0:03:11]} (18... c6 19. Qg6 Rf8) 19. Nd4 {[%emt 0:04:23]} Qe5 $16 {[%emt 0:03:32]} 20. Bxf6+ {[%emt 0:03:21]} Nxf6 {[%emt 0:00:02]} 21. Bb5 {[%emt 0:01:11]} Rg8 {[%emt 0:00:47]} 1/2-1/2

[Event "CAT-chT Honor Division 2019"]
[Site "Catalonia"]
[Date "2019.03.16"]
[Round "8"]
[White "Romero Castejon, Daniel"]
[Black "Ayas Fernandez, Antonio"]
[Result "1/2-1/2"]
[WhiteElo "2156"]
[BlackElo "2253"]
[Annotator "ChessBase"]
[PlyCount "51"]
[EventDate "2019.01.16"]
[EventType "team-tourn"]
[EventCountry "ESP"]
[SourceTitle "playchess.com"]
[Source "ChessBase"]
[SourceQuality "1"]
[TimeControl "5400+30"]

1. e4 {[%emt 0:00:00]} c5 {[%emt 0:00:00]} 2. Nf3 {[%emt 0:00:00]} Nc6 {[%emt 0:00:02]} 3. c4 {[%emt 0:00:45]} e6 {[%emt 0:07:24]} 4. Nc3 {[%emt 0:01:34]} Nf6 {[%emt 0:01:44]} 5. d3 {[%emt 0:06:10]} d6 {[%emt 0:10:31]} 6. g3 {[%emt 0:01:19]} Be7 {[%emt 0:00:59]} 7. Bg2 {[%emt 0:00:10]} O-O {[%emt 0:00:19]} 8. O-O {[%emt 0:00:09]} a6 {[%emt 0:03:12]} 9. d4 {[%emt 0:02:38]} cxd4 {[%emt 0:02:02]} 10. Nxd4 {[%emt 0:00:11]} Bd7 {[%emt 0:02:58]} 11. b3 {[%emt 0:05:01]} Qc7 {[%emt 0:13:54]} 12. Bb2 {[%emt 0:02:02]} Rac8 {[%emt 0:00:41]} 13. Rc1 {[%emt 0:01:17]} Qb8 {[%emt 0:02:46]} 14. Kh1 {[%emt 0:02:07]} Nxd4 {[%emt 0:04:10]} 15. Qxd4 {[%emt 0:01:25]} b5 {[%emt 0:00:07]} 16. cxb5 {[%emt 0:02:50]} axb5 {[%emt 0:00:05]} 17. f4 {[%emt 0:04:01]} e5 {[%emt 0:20:30]} 18. Qd2 {[%emt 0:04:22]} b4 {[%emt 0:02:12]} 19. Nd5 {[%emt 0:01:11]} Nxd5 {[%emt 0:00:29]} 20. exd5 {[%emt 0:01:04]} f6 {[%emt 0:04:10]} 21. fxe5 {[%emt 0:08:16]} fxe5 {[%emt 0:00:45]} 22. Be4 {[%emt 0:01:47]} Rxc1 {[%emt 0:03:50]} 23. Qxc1 {[%emt 0:02:31]} Bh3 {[%emt 0:04:07]} 24. Rxf8+ {[%emt 0:02:10]} Qxf8 {[%emt 0:00:13]} 25. Qe1 {[%emt 0:00:40]} Bg5 {[%emt 0:00:43]} 26. a3 {[%emt 0:19:18]} 1/2-1/2

[Event "CAT-chT Honor Division 2019"]
[Site "Catalonia"]
[Date "2019.03.16"]
[Round "8"]
[White "Draghici Flutur, Gavril"]
[Black "Perez Manas, Benjamin"]
[Result "1-0"]
[WhiteElo "2097"]
[BlackElo "2303"]
[Annotator "ChessBase"]
[PlyCount "47"]
[EventDate "2019.01.16"]
[EventType "team-tourn"]
[EventCountry "ESP"]
[SourceTitle "playchess.com"]
[Source "ChessBase"]
[SourceQuality "1"]
[TimeControl "5400+30"]

1. e4 c6 2. d4 d5 3. e5 Bf5 4. h4 Qb6 5. c4 dxc4 6. Na3 Qb4+ 7. Bd2 Qxb2 8. Nxc4 Qxd4 9. Nf3 Qe4+ 10. Ne3 Nd7 11. Bc3 Nc5 12. Ng5 Nd3+ 13. Bxd3 Qxd3 14. Qb3 Be6 15. Nxe6 fxe6 16. Rd1 Qb5 17. Qxe6 Rd8 18. Qb3 Ra8 19. Qe6 Rd8 20. Rxd8+ Kxd8 21. Kd2 g6 22. Rd1 Bg7 23. Kc2+ Kc7 24. Qd7+ 1-0

[Event "CAT-chT Honor Division 2019"]
[Site "Catalonia"]
[Date "2019.03.16"]
[Round "8"]
[White "Saldana Caballe, Enric"]
[Black "Ramirez Carrizo, Victor Jose"]
[Result "1/2-1/2"]
[WhiteElo "2069"]
[BlackElo "2211"]
[Annotator "NA"]
[PlyCount "58"]
[EventDate "2019.01.16"]
[EventType "team-tourn"]
[EventCountry "ESP"]
[SourceTitle "playchess.com"]
[Source "ChessBase"]
[SourceQuality "1"]
[TimeControl "5400+30"]

1. e4 e6 2. d4 d5 3. Bd3 dxe4 4. Bxe4 Nf6 5. Bf3 c5 {LiveBook: 305 Games} 6. c3 Nc6 7. Ne2 e5 8. Bxc6+ bxc6 9. O-O cxd4 10. cxd4 Ba6 11. Re1 Be7 12. Nbc3 O-O 13. Qa4 Bb5 $11 (13... Bxe2) 14. Nxb5 cxb5 15. Qxb5 Rb8 16. Qd3 Bc5 17. Bg5 Bxd4 18. Nxd4 Qxd4 19. Qxd4 exd4 20. Bxf6 gxf6 21. Red1 Rxb2 22. Rxd4 Rc8 23. Rg4+ Kf8 24. a4 Rcc2 25. Rf4 Ke7 26. g3 Ra2 27. Rb1 Rcb2 28. Rc1 Rc2 29. Rb1 Rcb2 1/2-1/2

[Event "CAT-chT Honor Division 2019"]
[Site "Catalonia"]
[Date "2019.03.16"]
[Round "8"]
[White "Alquezar Calpena, Marc"]
[Black "Jareno Badenas, Aleix"]
[Result "0-1"]
[WhiteElo "1666"]
[BlackElo "2041"]
[Annotator "NA"]
[PlyCount "72"]
[EventDate "2019.01.16"]
[EventType "team-tourn"]
[EventCountry "ESP"]
[SourceTitle "playchess.com"]
[Source "ChessBase"]
[SourceQuality "1"]
[TimeControl "5400+30"]

1. e4 {[%emt 0:01:04]} e6 {[%emt 0:00:00]} 2. d4 {[%emt 0:00:31]} d5 {[%emt 0:00:00]} 3. Nd2 {[%emt 0:00:09]} Nf6 {[%emt 0:00:00]} 4. e5 {[%emt 0:00:05]} Nfd7 {[%emt 0:00:00]} 5. Bd3 {[%emt 0:00:03]} c5 {[%emt 0:00:01]} 6. c3 {[%emt 0:00:04]} Nc6 {[%emt 0:00:04]} 7. Ne2 {[%emt 0:00:08]} cxd4 {[%emt 0:00:04]} 8. cxd4 {[%emt 0:00:11]} f6 {[%emt 0:00:04]} 9. exf6 {[%emt 0:00:11]} Nxf6 {[%emt 0:00:04]} 10. Nf3 {[%emt 0:00:08]} Bd6 {[%emt 0:00:04]} 11. O-O {[%emt 0:00:38]} O-O {[%emt 0:00:59]} 12. Bg5 {[%emt 0:01:43]} Qc7 {[%emt 0:01:38]} 13. Rc1 {[%emt 0:03:20]} Nh5 {[%emt 0:07:53]} 14. Ng3 {[%emt 0:07:06]} Nf4 {[%emt 0:09:42]} 15. Bb1 {[%emt 0:11:50]} g6 {[%emt 0:25:17]} 16. a3 {[%emt 0:08:31]} Qg7 {[%emt 0:02:22]} 17. Rc3 {[%emt 0:13:44]} Bd7 {[%emt 0:07:22]} 18. Qd2 {[%emt 0:07:42]} Rf7 {[%emt 0:05:18]} 19. Rd1 {[%emt 0:14:14]} Raf8 {[%emt 0:17:09]} 20. Ne2 {[%emt 0:01:48]} Nxe2+ {[%emt 0:04:11]} 21. Qxe2 {[%emt 0:00:10]} h6 {[%emt 0:00:41]} 22. Be3 {[%emt 0:12:03]} g5 {[%emt 0:03:54]} 23. Qd3 {[%emt 0:03:43]} Rf6 {[%emt 0:02:45]} 24. Rd2 {[%emt 0:07:03]} Be8 {[%emt 0:00:19]} 25. b4 {[%emt 0:01:05]} a6 {[%emt 0:09:28]} 26. h3 {[%emt 0:01:12]} Bg6 {[%emt 0:03:00]} 27. Qf1 {[%emt 0:00:09]} Rxf3 {[%emt 0:00:31]} 28. gxf3 {[%emt 0:00:45]} Bh5 {[%emt 0:00:03]} 29. Qd3 {[%emt 0:01:02]} Rxf3 {[%emt 0:00:32]} 30. Qf1 {[%emt 0:00:54]} Rf6 {[%emt 0:00:55]} 31. Qg2 {[%emt 0:01:03]} Bf3 {[%emt 0:00:11]} 32. Qf1 {[%emt 0:00:38]} g4 {[%emt 0:00:53]} 33. h4 {[%emt 0:01:03]} Kh8 {[%emt 0:00:31]} 34. h5 {[%emt 0:02:12]} g3 {[%emt 0:00:04]} 35. Bg6 {[%emt 0:00:24]} g2 {[%emt 0:00:01]} 36. Qd3 {[%emt 0:00:39]} Qc7 {[%emt 0:00:03]} 0-1